000 01666cam a22003131i 4500
003 SA-RiAUC
005 20241226124354.0
008 241224s1989 su g 000 0 ara c
040 _aSA-EnSBSSC
_bara
_cSA-RiAUC
_erda
050 4 _bI26 1989
082 0 4 _a237.6
090 _a237.6
_bا ب ن م
100 1 _aابن الملقن، عمر بن علي بن أحمد،
_d723-804 هجري
_eمؤلف.
245 1 0 _aخلاصة البدر المنير في تخريج الأحاديث والأثار الواقعة في الشرح الكبير للإمام (أبي القاسم الرافعي) /
_cتأليف سراج الدين عمر بن علي الملقن ؛ حققه حمدي بن عبد المجيد بن إسماعيل السلفي.
250 _aالطبعة الأولى.
264 1 _aالرياض :
_bمكتبة الرشد للنشر والتوزيع،
_c1989
300 _a2 مجلد ؛
_c24 سم
336 _aنص
_btxt
_2rdacontent
_3كتاب
337 _aبدون وسيط
_bn
_2rdamedia
338 _aمجلد
_bnc
_2rdacarrier
650 7 _aالحديث
_xمستخرجات
_2aucsh
700 1 _aالسلفي، حمدي بن عبد المجيد بن إسماعيل،
_d1931-2012
_eمحقق.
700 1 2 _aالرافعي، عبد الكريم بن محمد بن عبد الكريم،
_d557-623 هجري
700 1 2 _aالغزالي، محمد بن محمد بن محمد،
_cحجة الإسلام،
_d450-505 هجري
740 2 2 _aالشرح الكبير : فتح العزيز على كتاب الوجيز.
740 2 2 _aالوجيز في الفقه الشافعي.
942 _2ddc
_cBOOK
_n0
949 _aSA-JeALM
_d241224
_uosman123
_n1
999 _c3931
_d3931